Online Catalogue and eLibrary

A lasting storm : (Record no. 3548)

MARC details
000 -LEADER
fixed length control field 00400nam a2200157Ia 4500
005 - DATE AND TIME OF LATEST TRANSACTION
control field 20250304040751.0
008 - FIXED-LENGTH DATA ELEMENTS--GENERAL INFORMATION
fixed length control field 240331s9999 xx 000 0 und d
020 ## - INTERNATIONAL STANDARD BOOK NUMBER
ISBN 9558309036
082 ## - DDC Classification
Item Number - Author Mark SEN
Class No. 954
100 ## - MAIN ENTRY--PERSONAL NAME
Personal name Seneviratne, M
245 #2 - TITLE STATEMENT
Title A lasting storm :
Remainder of title Sri Lanka 1948-2001
260 ## - PUBLICATION, DISTRIBUTION, ETC.
Place of publication, distribution, etc. Colombo
Name of publisher, distributor, etc. Wimal Enterprises
Date of publication, distribution, etc. 2000
300 ## - PHYSICAL DESCRIPTION
Extent (e.g. Volumes, Pages etc.) iii, 165 p .,
500 ## - GENERAL NOTE
General note Short Stories
942 ## - Koha item type (Biblio)
Koha item type Books in Stacks (Lending)
Holdings
Lost status Damaged status Collection code Home library Current library Shelving location Date acquired Full call number Accession Number Item type
    Lending WERC Library WERC Library Social Science Cupboard 03/31/2024 954.93 SEN 4582 Books in Stacks (Lending)

© WERC Library